<?xml version="1.0" encoding="UTF-8"?>
<marc:record xmlns:marc="http://www.loc.gov/MARC21/slim">
   <marc:leader>00000nam a2200000 a 4500</marc:leader>
   <marc:datafield ind1="1" ind2=" " tag="100">
      <marc:subfield code="a">Stuhr, Michael</marc:subfield>
      <marc:subfield code="4">aut</marc:subfield>
      <marc:subfield code="e">Verfasser/-in</marc:subfield>
   </marc:datafield>
   <marc:datafield ind1=" " ind2=" " tag="653">
      <marc:subfield code="a">Softcover / Kinder- und Jugendbücher/Jugendbücher ab 12 Jahre</marc:subfield>
   </marc:datafield>
   <marc:datafield ind1="0" ind2="0" tag="245">
      <marc:subfield code="a">Das Team</marc:subfield>
   </marc:datafield>
   <marc:datafield ind1="0" ind2="0" tag="245">
      <marc:subfield code="c">Michael Stuhr</marc:subfield>
   </marc:datafield>
   <marc:datafield ind1=" " ind2="1" tag="264">
      <marc:subfield code="a">Stuttgart</marc:subfield>
      <marc:subfield code="b">Thienemann</marc:subfield>
      <marc:subfield code="c">2009</marc:subfield>
   </marc:datafield>
   <marc:datafield ind1="1" ind2=" " tag="520">
      <marc:subfield code="a">Angaben aus der Verlagsmeldung

das team. Das Grab des Schamanen / von Michael Stuhr

Steffen traut seinen Augen nicht, als er das Amulett des Schamanen unter die Lupe nimmt: Das Metallstück scheint allen naturwissenschaftlichen Gesetzmäßigkeiten zu widersprechen! Selbst bei enormer Hitze wird es nicht weich, sondern immer härter. Das ist auch der Grund, weshalb ein Waffenfabrikant auf den Fund aufmerksam wird und es mit allen Mitteln in seinen Besitz bringen will.

Zur selben Zeit schlägt der Zentralcomputer des Geheimdienstes I.B.F. in London Alarm. Die Agenten Alex Wilken, Fiona Beck und François Brunél erhalten den Einsatzbefehl. Ziel: Turkmenistan. Der Auftrag des Teams lautet: Das Amulett so schnell wie möglich zum Wohl der Allgemeinheit sicherstellen!
Agententhriller, spannend wie James Bond. Ab 12 Jahren

(Frühere Ausgabe unter Pseudonym: Stuart, Mike: Das Grab des Schamanen. ISBN 978-3-522-17499-2)
</marc:subfield>
   </marc:datafield>
   <marc:datafield ind1=" " ind2=" " tag="020">
      <marc:subfield code="a">9783522200592</marc:subfield>
      <marc:subfield code="9">9783522200592</marc:subfield>
   </marc:datafield>
   <marc:datafield ind1=" " ind2=" " tag="041">
      <marc:subfield code="a">ger</marc:subfield>
   </marc:datafield>
   <marc:datafield ind1=" " ind2=" " tag="300">
      <marc:subfield code="a">236 S.</marc:subfield>
   </marc:datafield>
</marc:record>
